01370nam a22001937a 4500999001700000003000900017008004100026040007100067082001900138100004000157245010100197260005300298300003400351500001800385505062500403942001601028945002101044952011101065 c23420d23420AR-CdUCM251218b2024 pe ||||| |||| 00| 0 spa d aMUNICIPALIDAD PROVINCIAL DEL CUSCOcBIBLIOTECA MUNICIPAL DEL CUSCO a985.061 /bM95 aMunicipalidad Provincial del Cusco. aTúpac Amaru más allá de la sentencia /bDocumentos sobre la Gran Rebelión 1780 - 1783 . aCusco bMunicipalidad Provincial del Cuscoc2024 a138 páginas. :c23 x 28 cm. zpágina 138. aCapítulo I: La Gran Rebelión y su contexto histórico -- Linea de tiempo -- El siglo de las luces y el inicio de la edad -- Capitulo II: La Gran Rebelión -- Capítulo III: La historia se repite -- La ejecución del Inca en la Plaza de Armas -- Capítulo IV: La Gran Rebelión en la memoria histórica temprana 1816 - 1838 -- Capítulo V: Breve análisis jurídico de la sentencia a Túpac Amaru --.Sobre la sentencia de pena de muerte y los derechos fundamentales -- Ajusticiamiento -- Oscar Luque Cutipa -- Micaela Bastidas en la búsqueda de la salida a la opresión -- Comentario a la sentencia.... 2ddccLIBROS ajmcsd18/12/2025 002ddc4070aSHbSHcCARTd2025-12-18eDonacióng35.00o985.061 / M95pSH0000017031r2025-12-18yLIBROS